[Event "AUTO-INT-873"]
[Site "http://www.queenalice.com/game.php?id=390615"]
[Date "2008.4.20"]
[Round "1"]
[White "QuantumUA"]
[Black "tayron"]
[Result "1-0"]
[WhiteElo "1584"]
[BlackElo "1411"]

1. d4 d5 2. c4 e6 3. c5 Nf6 4. Bg5 Be7 5. Bxf6 Bxf6 6. Nc3 Nc6 7. Nf3 O-O 8. e4
dxe4 9. Nxe4 Bxd4 10. Nxd4 Qxd4 11. Qxd4 Nxd4 12. Bd3 b6 13. O-O Bb7 14. cxb6
cxb6 15. Nd6 Bd5 16. b3 Rfd8 17. Nb5 Bc6 18. Nxd4 Rxd4 19. Rad1 Rad8 20. Be2 1-0

[Event "AUTO-INT-873"]
[Site "http://www.queenalice.com/game.php?id=390622"]
[Date "2008.4.20"]
[Round "1"]
[White "emredostmetu"]
[Black "QuantumUA"]
[Result "1-0"]
[WhiteElo "2061"]
[BlackElo "1584"]

1. d4 d5 2. c4 Nc6 3. Nc3 dxc4 4. d5 Nb4 5. Qa4+ Qd7 6. Qxb4 e6 7. Qxc4 exd5 8.
Qxd5 Nf6 9. Qxd7+ Bxd7 10. Nf3 Bb4 11. Bd2 O-O 12. g3 Bc6 13. Bg2 Rfe8 14. a3
Ba5 15. b4 Bb6 16. O-O h6 17. Rad1 a5 18. b5 Be4 19. Nxe4 Rxe4 20. Nh4 Rxe2 21.
Bf3 Ree8 22. Bxb7 Rab8 23. Bc6 Bc5 24. Bxa5 Re7 25. Bxc7 Rxc7 26. a4 Ra7 27. Rc1
Bb6 28. Rc4 Rc8 29. Nf5 Rd8 30. Ne3 Rd2 31. Ra1 Re7 32. a5 Bd4 33. Rxd4 Rxd4 34.
a6 Nd7 35. Bxd7 Rexd7 36. a7 Rxa7 37. Rxa7 Rb4 38. Ra8+ Kh7 39. Rb8 Kg6 40. b6
f6 41. b7 Kf7 42. Kg2 Ke6 43. Re8+ 1-0

[Event "AUTO-INT-873"]
[Site "http://www.queenalice.com/game.php?id=390623"]
[Date "2008.4.20"]
[Round "1"]
[White "QuantumUA"]
[Black "emredostmetu"]
[Result "0-1"]
[WhiteElo "1586"]
[BlackElo "2059"]

1. d4 d5 2. c4 c6 3. cxd5 cxd5 4. Qa4+ Nc6 5. Nf3 Nf6 6. e3 Bd7 7. Qb3 Qc7 8.
Nc3 e6 9. a3 a6 10. Ne5 Bd6 11. Nxc6 Bxc6 12. Be2 O-O 13. Qc2 Rac8 14. Bd3 Bb5
15. Nxb5 Qxc2 16. Bxc2 axb5 17. Bd3 b4 18. O-O bxa3 19. bxa3 Rc3 20. Rd1 Rfc8
21. Bb2 Rb3 22. Bc1 g6 23. a4 Ne4 24. Bxe4 dxe4 25. d5 Be5 26. Ra2 exd5 27. Ba3
d4 28. exd4 Bxd4 29. g3 Bg7 30. Be7 e3 31. f4 Re8 32. Bc5 b6 33. Bd6 e2 34. Re1
Rbe3 35. Bb4 Bd4 36. Kg2 Kg7 37. Rd2 R3e4 38. Kf3 Re3+ 39. Kg4 h5+ 40. Kh4 R3e4
41. Kh3 Bf2 0-1

[Event "Challenge"]
[Site "http://www.queenalice.com/game.php?id=396505"]
[Date "2008.5.1"]
[Round "-"]
[White "samuelrodrigues"]
[Black "QuantumUA"]
[Result "0-1"]
[WhiteElo "1260"]
[BlackElo "1582"]

1. e4 e5 2. Nf3 Nc6 3. Nc3 Nf6 4. g3 a6 5. b3 d5 6. exd5 Nxd5 7. Nxd5 Qxd5 8. b4
Bg4 9. Be2 Nxb4 10. c3 Nd3+ 11. Bxd3 Qxd3 12. Qa4+ b5 13. Qxg4 Qd5 14. d4 exd4
15. cxd4 Bb4+ 16. Bd2 Bxd2+ 17. Nxd2 Qxh1+ 18. Ke2 Qxa1 19. Qxg7 O-O-O 20. f4
Qxa2 21. f5 Rde8+ 22. Kf2 Qxd2+ 23. Kf3 Qe3+ 24. Kg4 Rhg8 25. f6 Rxg7+ 26. fxg7
Qxd4+ 27. Kh3 Qxg7 28. g4 Re3+ 29. Kh4 Qh6# 0-1

[Event "Challenge"]
[Site "http://www.queenalice.com/game.php?id=407946"]
[Date "2008.5.25"]
[Round "-"]
[White "pierjean"]
[Black "QuantumUA"]
[Result "0-1"]
[WhiteElo "1479"]
[BlackElo "1585"]

1. Nf3 d5 2. d4 Nc6 3. Bf4 Bf5 4. Nbd2 Nb4 5. e4 dxe4 6. c3 exf3 7. cxb4 Qxd4 8.
Nxf3 Qxf4 9. Rc1 Qxb4+ 10. Nd2 c6 11. Bc4 Qxb2 12. O-O Rd8 13. Qf3 Nh6 14. Nb3
e6 15. Rfe1 Bb4 16. Re2 Rd2 17. Nxd2 Qxc1+ 18. Nf1 Qxc4 19. h3 Bd3 0-1

[Event "mauricio_sm"]
[Site "http://www.queenalice.com/game.php?id=411511"]
[Date "2008.6.1"]
[Round "3"]
[White "RAFAELI"]
[Black "QuantumUA"]
[Result "1-0"]
[WhiteElo "1672"]
[BlackElo "1597"]

1. e4 e5 2. Qh5 d6 3. Bc4 Qe7 4. d3 Nf6 5. Qf3 h6 6. Nc3 Bg4 7. Qe3 a6 8. a4 Nc6
9. Bb3 Nd4 10. f3 Be6 11. Nge2 Bxb3 12. Nxd4 exd4 13. Qxd4 Bxc2 14. Qc4 c6 15.
O-O d5 16. exd5 Qc5+ 17. Rf2 cxd5 18. Qxc5 Bxc5 19. Kf1 Bxd3+ 20. Re2+ Bxe2+ 21.
Kxe2 O-O 22. g4 Rfe8+ 23. Kf1 Be3 24. b4 d4 25. Nd1 Nd5 26. h4 Bxc1 27. Rxc1
Ne3+ 28. Ke2 Nxg4+ 29. Kd3 Ne5+ 30. Ke4 Nc6+ 31. Kd3 Rad8 32. b5 1-0

[Event "Challenge"]
[Site "http://www.queenalice.com/game.php?id=415087"]
[Date "2008.6.8"]
[Round "-"]
[White "ivanelterrible_2006"]
[Black "QuantumUA"]
[Result "1-0"]
[WhiteElo "1418"]
[BlackElo "1593"]

1. e4 e5 2. Nf3 Nc6 3. d4 d5 4. dxe5 dxe4 5. Qxd8+ Nxd8 6. Ng5 Bf5 7. Nc3 Nh6 8.
Ngxe4 Nc6 9. Bb5 Bb4 10. Bxc6+ bxc6 11. Bxh6 Bxe4 12. Bd2 O-O 13. Nxe4 Bxd2+ 14.
Nxd2 Rfe8 15. f4 Rab8 16. O-O-O Rb4 17. g3 c5 18. Nb3 c4 19. Na5 h6 20. Rd4 Ra4
21. Nxc4 Rxa2 22. Rhd1 c5 23. Rd7 Kh7 24. Na3 Rb8 25. Rxa7 Raxb2 26. Rdd7 Ra2
27. Rxf7 Ra1+ 28. Kd2 Rd8+ 29. Ke2 h5 30. Rxg7+ Kh6 31. Rgc7 Kg6 32. Rxc5 Kf5
33. Ra6 Rad1 34. Rd6 R1xd6 35. exd6+ Kg6 36. Nc4 Rd7 37. Ne5+ 1-0

[Event "Challenge"]
[Site "http://www.queenalice.com/game.php?id=429740"]
[Date "2008.7.8"]
[Round "-"]
[White "QuantumUA"]
[Black "RAFAELI"]
[Result "0-1"]
[WhiteElo "1593"]
[BlackElo "1699"]

1. d4 Nf6 2. d5 d6 3. Nc3 c6 4. dxc6 bxc6 5. e4 Qb6 6. h3 h6 7. b3 g5 8. Na4
Qb4+ 9. Bd2 Qxe4+ 10. Ne2 g4 11. Nc3 Qe5 12. Bf4 Qa5 13. Qd4 e5 14. Qe3 Nd5 15.
Qe4 Nxc3 16. Nxc3 Qxc3+ 0-1

[Event "Challenge"]
[Site "http://www.queenalice.com/game.php?id=430404"]
[Date "2008.7.9"]
[Round "-"]
[White "QuantumUA"]
[Black "RicardoFialho"]
[Result "0-1"]
[WhiteElo "1601"]
[BlackElo "1800"]

1. d4 d5 2. c4 c6 3. c5 Bf5 4. Nc3 Nf6 5. Nf3 h6 6. h3 Ne4 7. Nxe4 Bxe4 8. Ne5
Nd7 9. Qb3 Rb8 10. Qg3 Nxe5 11. Qxe5 Qa5+ 12. Bd2 Qd8 13. Bf4 Ra8 14. Bxh6 Qa5+
15. Bd2 Qb5 16. b3 Qa6 17. a4 b5 18. cxb6 axb6 19. Qc7 b5 20. e3 Rc8 21. Qf4 Qa8
22. a5 Rh6 0-1

[Event "Challenge"]
[Site "http://www.queenalice.com/game.php?id=442557"]
[Date "2008.8.2"]
[Round "-"]
[White "QuantumUA"]
[Black "XaraX"]
[Result "0-1"]
[WhiteElo "1581"]
[BlackElo "1778"]

1. e4 e5 2. d4 exd4 3. Qxd4 Nc6 4. Qe3 d6 5. Bc4 Nf6 6. Nf3 h6 7. e5 Ng4 8. Qf4
Ngxe5 9. Nxe5 Nxe5 10. Bb3 Be7 11. O-O O-O 12. Qg3 Bh4 0-1

[Event "Challenge"]
[Site "http://www.queenalice.com/game.php?id=497513"]
[Date "2008.11.23"]
[Round "-"]
[White "QuantumUA"]
[Black "gilsinho22"]
[Result "1-0"]
[WhiteElo "1609"]
[BlackElo "1602"]

1. e4 e5 2. Qh5 Nc6 3. Bc4 Nh6 4. d3 g6 5. Qf3 Nd4 6. Qd1 b5 7. Bb3 d6 8. h3 Ne6
9. Bd5 Rb8 10. Nc3 b4 11. Nce2 g5 12. Ng3 Nf4 13. Bxf4 exf4 14. Nf5 Nxf5 15.
exf5 Bxf5 16. Qh5 Bg6 17. Qe2+ Qe7 18. Qxe7+ Bxe7 19. Nf3 Bf6 20. Rb1 O-O 21.
O-O Rb5 22. Bc4 Rc5 23. Rfe1 d5 24. Bb3 a5 25. a3 bxa3 26. bxa3 Rb8 27. a4 Bc3
28. d4 Rc6 29. Re2 f6 30. Bxd5+ Bf7 31. Rxb8+ Kg7 32. Bxc6 h5 33. Re7 Bb4 34.
Rd7 Bd6 35. Bd5 c6 36. Rxf7+ Kg6 37. Rg8+ Kf5 38. Rxg5# 1-0

[Event "Happy 2009!!!"]
[Site "http://www.queenalice.com/game.php?id=516834"]
[Date "2009.1.4"]
[Round "-"]
[White "Gorgona"]
[Black "QuantumUA"]
[Result "1-0"]
[WhiteElo "1893"]
[BlackElo "1625"]

1. e4 e5 2. f4 Bc5 3. Nf3 d6 4. fxe5 dxe5 5. d3 h6 6. Nxe5 Qd4 7. Ng4 Bxg4 8.
Qxg4 Qf2+ 9. Kd1 Qf6 10. Qc8+ Qd8 11. Qxb7 Nd7 12. Qd5 Ngf6 13. Qf5 O-O 14. b3
Bd4 15. c3 Bc5 16. Ba3 Bxa3 17. Nxa3 Re8 18. Nc4 Rb8 19. g3 a6 20. Bh3 Rb5 21.
Qf1 Nc5 22. Kc2 Ne6 23. Bg2 Ng4 24. h3 Ne5 25. Nxe5 Rxe5 26. d4 Rh5 27. h4 a5
28. Bf3 Rb5 29. Qxb5 1-0

[Event "Let's Play Chess!"]
[Site "http://www.queenalice.com/game.php?id=557516"]
[Date "2009.3.17"]
[Round "-"]
[White "QuantumUA"]
[Black "Aguinaldo"]
[Result "1-0"]
[WhiteElo "1592"]
[BlackElo "1833"]

1. d4 e6 2. d5 exd5 3. Qxd5 Nf6 4. Qe5+ Be7 5. Bf4 d6 6. Qb5+ Qd7 7. e3 Qxb5 8.
Bxb5+ Bd7 9. Nc3 c6 10. Bd3 Nh5 11. Nge2 Bg4 12. Ne4 Bxe2 13. Bxe2 Nxf4 14. exf4
O-O 15. O-O d5 16. Ng3 Nd7 17. Nf5 Bf6 18. Rfe1 Bxb2 19. Rab1 Bc3 20. Red1 b6
21. Bg4 Nf6 22. Ne7+ Kh8 23. Bf3 c5 24. Nxd5 Nxd5 25. Rxd5 Rad8 26. h3 Rxd5 27.
Bxd5 f6 28. Bc6 Rc8 29. Bb5 Rd8 30. a4 Rd2 31. Bd3 g6 32. Re1 Ba5 33. Re8+ Kg7
34. Re7+ Kh6 35. Rxa7 c4 36. Be4 f5 37. g4 fxg4 38. hxg4 Bb4 39. g5+ Kh5 40.
Rxh7+ Kg4 41. Bxg6 Kxf4 42. Rh4+ Kxg5 43. Rxc4 Bc5 44. Bd3 Bxf2+ 45. Kf1 Bc5 46.
a5 Be3 47. a6 Rh2 48. a7 Rh8 49. Be4 b5 50. Rc7 Rf8+ 51. Ke2 Bxa7 52. Rxa7 Re8
53. Ke3 Rb8 54. Ra5 Kg4 55. Bd5 b4 56. Ra4 Kf5 57. Kd4 1-0

[Event "Challenge"]
[Site "http://www.queenalice.com/game.php?id=577645"]
[Date "2009.4.25"]
[Round "-"]
[White "Ebbe"]
[Black "QuantumUA"]
[Result "1-0"]
[WhiteElo "1836"]
[BlackElo "1618"]

1. d4 d5 2. c4 Nf6 3. Nc3 dxc4 4. e4 b5 5. e5 Nd5 6. Nxb5 Nb6 7. Bf4 a6 8. Nc3
e6 9. Nf3 Bb4 10. g3 h6 11. Bg2 Nd5 12. Bd2 Bxc3 13. bxc3 c6 14. O-O Qa5 15. Nh4
O-O 16. Qg4 1-0

[Event "Let's Play Chess!"]
[Site "http://www.queenalice.com/game.php?id=911676"]
[Date "2011.3.12"]
[Round "-"]
[White "tucuman"]
[Black "QuantumUA"]
[Result "1-0"]
[WhiteElo "1574"]
[BlackElo "1608"]

1. e4 d5 2. e5 e6 3. d4 a6 4. a3 c5 5. c3 cxd4 6. cxd4 Qa5+ 7. Qd2 Bb4 8. Nc3
Be7 9. Nf3 Nc6 10. Be2 Nh6 11. h3 Nf5 12. O-O b5 13. b4 Bxb4 14. Bb2 Be7 15. Qf4
b4 16. Nd1 bxa3 17. Bc3 1-0